[Event "SportAccord Rapid 2014"]
[Site "Beijing CHN"]
[Date "2014.12.12"]
[Round "5.5"]
[White "Leko,P"]
[Black "Harikrishna,P"]
[Result "1/2-1/2"]
[WhiteElo "2723"]
[BlackElo "2727"]

1.d4 Nf6 2.c4 e6 3.Nf3 d5 4.Nc3 Bb4 5.Bg5 h6 6.Bxf6 Qxf6 7.Qa4+ Nc6 8.cxd5 exd5
9.e3 O-O 10.Be2 a6 11.a3 Bxc3+ 12.bxc3 Bf5 13.O-O b5 14.Qb3 Qd6 15.a4 Na5
16.Qb4 Qxb4 17.cxb4 Nc4 18.a5 Rfe8 19.Ra2 Bg4 20.Ne1 Bxe2 21.Rxe2 Rad8 22.Nd3 Rd6
23.Rfe1 f5 24.f3 Rde6 25.Kf2 Rc6 26.h3 Rd6 27.g4 Rf8 28.Kg3 Rdf6 29.f4 g5
30.Rf1 Re6 31.Rfe1 Ref6 32.Rf1 Re6 33.Rfe1 Ref6  1/2-1/2

[Event "Nutcracker Classical 2014"]
[Site "Moscow RUS"]
[Date "2014.12.20"]
[Round "1.4"]
[White "Fedoseev,Vl3"]
[Black "Leko,P"]
[Result "1-0"]
[WhiteElo "2661"]
[BlackElo "2723"]

1.d4 Nf6 2.Nf3 e6 3.Bg5 c5 4.e3 h6 5.Bh4 d5 6.c3 Nbd7 7.Nbd2 Bd6 8.Bd3 O-O
9.O-O b6 10.Re1 Bb7 11.a4 Qc7 12.Qb1 a6 13.Bg3 Bxg3 14.hxg3 e5 15.dxe5 Nxe5
16.Nxe5 Qxe5 17.Ra3 Rfe8 18.b4 c4 19.Be2 Re7 20.Nf3 Qc7 21.Nd4 Rae8 22.Bf3 Re5
23.Ra2 Bc8 24.Qd1 Bd7 25.a5 b5 26.Rd2 Qd6 27.Nc2 h5 28.Rd4 Bg4 29.Qd2 g6
30.Rd1 Qe7 31.Ne1 Kg7 32.Qb2 Qe6 33.Rc1 Rh8 34.Qd2 Re8 35.Rd1 Qe7 36.Qc1 Rh8
37.R1d2 Qe6 38.Rd1 Re8 39.Qd2 Qe7 40.Rc1 Rd8 41.Nc2 Bf5 42.Qd1 Qe6 43.Rd2 Bxc2
44.Rcxc2 g5 45.Rd4 g4 46.Be2 Ne4 47.Qe1 Rh8 48.f4 Rf5 49.Bd1 Qh6 50.Kf1 Qg6
51.Rc1 h4 52.gxh4 g3 53.Bf3 Rxh4 54.Ke2 Rh2 55.Qd1 Qe6 56.Rxe4 dxe4 57.Qd4+ Rf6
58.Bxe4 Qg4+ 59.Kd2 Qh5 60.Rf1 Rh1 61.Rxh1 Qxh1 62.Qe5 Qh4 63.Kc1 Qg4 64.f5 Qg5
65.Bc2 Qh4 66.Kb2 Kg8 67.e4 Qg5 68.Qd4 Kf8 69.Qc5+ Kg7 70.Qc7 Qg4 71.e5 Rxf5
72.e6 Qe2 73.Qxg3+ Kf8 74.Qd6+ Kg7 75.Qd4+ Rf6 76.g4 Qf2 77.Qe5 Kf8 78.Qb8+ Ke7
79.Qb7+ Kxe6 80.Qxa6+ Ke7 81.Qxb5 Qe2 82.Qc5+ Kd7 83.Qb5+ Kc7 84.a6 Rf2 85.Qa5+ Kb8
86.Qb6+ Kc8 87.Qc6+ Kd8 88.Qa4 Qe3 89.a7 Rxc2+ 90.Kxc2 Qf2+ 91.Kb1 Qe1+ 92.Kb2  1-0

[Event "Nutcracker Classical 2014"]
[Site "Moscow RUS"]
[Date "2014.12.22"]
[Round "3.4"]
[White "Artemiev,V"]
[Black "Leko,P"]
[Result "1/2-1/2"]
[WhiteElo "2662"]
[BlackElo "2723"]

1.Nf3 Nf6 2.c4 c5 3.Nc3 Nc6 4.g3 d5 5.cxd5 Nxd5 6.Bg2 g6 7.Qb3 e6 8.O-O Bg7
9.d3 O-O 10.Qb5 Qa5 11.Qxa5 Nxa5 12.Bd2 Nxc3 13.bxc3 b6 14.Rab1 Bd7 15.Rfc1 Rfe8
16.h4 Rad8 17.Be3 Ba4 18.Kf1 Nc6 19.Nd2 Ne5 20.Bf4 f5 21.Bb7 h6 22.Bxe5 Bxe5
23.Ba6 g5 24.hxg5 hxg5 25.Bb5 Bxb5 26.Rxb5 Kf7 27.a4 Rh8 28.Kg2 g4 29.a5 Bc7
30.Rbb1 Rh7 31.Rh1 Rxh1 32.Rxh1 Kg6 33.axb6 axb6 34.Ra1 Kf6 35.Ra7 Be5 36.Nc4 b5
37.Nxe5 Kxe5 38.Rb7 b4 39.cxb4 cxb4 40.Rxb4 Ra8 41.Rb1 Ra2 42.Kf1 Kf6 43.Rc1 Ke5
44.Ke1 Kf6 45.Kd1 Ke5 46.Rc2 Ra1+ 47.Kd2 Rf1 48.Ke3 Kf6 49.Rc8 Re1 50.Rh8 Kg7
51.Rh2 Kg6 52.Kd2 Ra1 53.e4 Kf6 54.Rh8 Ke5 55.Rg8 Rf1 56.Ke2 Ra1 57.Rb8 fxe4
58.Rb5+ Kf6 59.dxe4 Ra3 60.Rb8 Ke5 61.Rg8 Ra2+ 62.Kf1 Kxe4 63.Rxg4+ Kf5 64.Rf4+ Kg5
65.Re4 Kf5 66.Re2 Ra3 67.Kg2 Rb3 68.Re3 Rb2 69.Rf3+ Kg5 70.Rf8 Rb3 71.f3 Rb1
72.Rg8+ Kf5 73.Rg4 Ra1 74.Rf4+ Kg5 75.Kf2 Ra3 76.Ke2 Rb3 77.Rd4 Kf5 78.Rd3 Rb1
79.Ra3 Rc1 80.Ra5+ Kf6 81.g4 Rc3 82.Kf2 Rc1 83.Kg3 Rc4 84.Rh5 Kg6 85.Re5 Kf6
86.Re4 Rc1 87.Kf4 Rf1 88.Re2 Kf7 89.Re3 Kf6 90.g5+ Kf7 91.Re2 Rh1 92.Ke5 Rf1
93.f4 Ra1 94.Ke4 Rh1 95.Kf3 Rf1+ 96.Rf2 Rg1 97.Rg2 Rf1+ 98.Kg4 Kg6 99.Re2 Rg1+
100.Kf3 Kf7 101.Rg2  1/2-1/2

[Event "Nutcracker Classical 2014"]
[Site "Moscow RUS"]
[Date "2014.12.23"]
[Round "4.4"]
[White "Leko,P"]
[Black "Oparin,G"]
[Result "1/2-1/2"]
[WhiteElo "2723"]
[BlackElo "2543"]

1.c4 e6 2.g3 d5 3.Bg2 Nf6 4.d4 Bb4+ 5.Bd2 Be7 6.Nf3 O-O 7.O-O c6 8.Qc2 b6
9.Rd1 Bb7 10.b3 Na6 11.Nc3 c5 12.cxd5 Nb4 13.Qb2 Nbxd5 14.dxc5 Bxc5 15.Nxd5 Bxd5
16.Bc3 Ne4 17.Bd4 Qe7 18.b4 Bxd4 19.Nxd4 Rac8 20.Rac1 Qf6 21.e3 h6 22.a3 Rfd8
23.h4 Qe5 24.Rxc8 Rxc8 25.Rc1 Rd8 26.Re1 Nd6 27.Qe2 Rc8 28.Rd1 Ne4 29.Re1 Rc3
30.Qb2 Rc4 31.Re2 Qc7 32.Rc2 Nd6 33.Bxd5 exd5 34.Kg2 Qe7 35.Kg1 Qe4 36.Rd2 Rc8
37.Rc2 Nc4 38.Qc1 a5 39.b5 a4 40.Rc3 Rc5 41.Rc2 Qd3 42.Rc3 Qe4 43.Rc2 Qd3
44.Rc3  1/2-1/2

[Event "Leko-Li Chao Match 2015"]
[Site "Szeged HUN"]
[Date "2015.08.20"]
[Round "6"]
[White "Leko,P"]
[Black "Li Chao2"]
[Result "1/2-1/2"]
[WhiteElo "2714"]
[BlackElo "2748"]

1.e4 e5 2.Nf3 Nf6 3.Nxe5 d6 4.Nf3 Nxe4 5.Nc3 Nxc3 6.dxc3 Be7 7.Be3 Nc6 8.Qd2 Be6
9.O-O-O Qd7 10.b3 a6 11.h4 Bf6 12.Bg5 Qe7 13.Qf4 h6 14.Bxf6 Qxf6 15.Qxf6 gxf6
16.g3 Ne5 17.Nd4 O-O-O 18.Bg2 Bg4 19.Rde1 Rhe8 20.Re3 Bd7 21.Rhe1 c5 22.Nf3 Ng4
23.Rxe8 Rxe8 24.Rxe8+ Bxe8 25.Bh3 f5 26.Kd2 Nxf2 27.Bxf5+ Bd7 28.Bxd7+ Kxd7
29.Ke3 Nd1+ 30.Kd2 Nf2 31.Ke3 Nd1+ 32.Ke4  1/2-1/2

[Event "World Rapid 2015"]
[Site "Berlin GER"]
[Date "2015.10.11"]
[Round "8.17"]
[White "Ponkratov,P"]
[Black "Leko,P"]
[Result "1-0"]
[WhiteElo "2604"]
[BlackElo "2707"]

1.c4 c5 2.Nf3 Nf6 3.Nc3 Nc6 4.g3 d5 5.cxd5 Nxd5 6.Bg2 g6 7.h4 Bg7 8.h5 Bf5
9.Nh4 Be6 10.Nf3 Bf5 11.Qa4 Nb4 12.d3 Qa5 13.Qxa5 Nxa5 14.O-O gxh5 15.Bd2 Rc8
16.Rab1 Nbc6 17.Rfc1 b6 18.Nd5 Kd7 19.Nf4 Bg6 20.Ng5 e6 21.b3 Nb7 22.b4 Rhf8
23.a3 Rc7 24.Bh3 Nd4 25.e3 Nf5 26.bxc5 Rxc5 27.Rxc5 Nxc5 28.d4 Na6 29.d5 Nc7
30.Rd1 exd5 31.Bb4 Kc6 32.Rc1+ Kb7 33.Bxf8 Bxf8 34.a4 Ba3 35.Rd1 Ne7 36.Nxg6 fxg6
37.Nxh7 b5 38.axb5 Nxb5 39.Rb1 Kc6 40.Nf6 a6 41.Ra1 Kb6 42.Nd7+ Kb7 43.Bf1 Bd6
44.Rc1 Nc6 45.Bd3 g5 46.Nf6 Nb4 47.Be2 h4 48.gxh4 gxh4 49.Kg2 Be5 50.Nd7 Bd6
51.Nc5+ Kb6 52.Na4+ Kb7 53.Kh3 Be7 54.Rg1 Nc6 55.Rg7 Nc7 56.Nc3 Bb4 57.Nxd5  1-0

[Event "Nutcracker Classical 2015"]
[Site "Moscow RUS"]
[Date "2015.12.21"]
[Round "2.2"]
[White "Leko,P"]
[Black "Artemiev,V"]
[Result "1/2-1/2"]
[WhiteElo "2705"]
[BlackElo "2676"]

1.d4 d5 2.c4 c6 3.Nf3 Nf6 4.Nc3 e6 5.e3 Nbd7 6.Qc2 Bd6 7.Be2 O-O 8.O-O b6
9.e4 dxe4 10.Nxe4 Nxe4 11.Qxe4 Bb7 12.Rd1 Qc7 13.c5 bxc5 14.dxc5 Bxc5 15.Bf4 Nf6
16.Qxh7+ Kxh7 17.Bxc7 Kg8 18.Nd2 Bb6 19.Be5 Rfd8 20.Bf3 Ba6 21.Rac1 Rac8
22.b3 Bd4 23.Bxd4 Rxd4 24.Nb1 c5 25.Nc3 Kf8 26.Be2 Rxd1+ 27.Rxd1 Bxe2 28.Nxe2 Ke7
29.Kf1 Nd5 30.Rc1 a5 31.Nc3 Nb4 32.Na4 Nxa2 33.Rxc5 Rxc5 34.Nxc5 Nb4 35.Ke2 Nc6
36.Kd3 Ne5+ 37.Kd4 Ng4 38.f3 Nxh2 39.Nb7 g5 40.Nxa5 g4 41.f4 g3 42.Nc6+ Kd6
43.Ne5 Kc7 44.Ke4 f6 45.Nc4 Ng4 46.Kf3 Nh6 47.Kxg3 Nf5+ 48.Kf2 Nd4 49.Nd2 f5
50.Ke3 Nc2+ 51.Ke2 Kc6 52.Nf3 Kd5 53.Kd2 Nb4 54.g3 Ke4 55.Ng5+ Kd5 56.Nf3 Ke4
57.Ng5+ Kd5 58.Kc3 Na2+ 59.Kb2 Nb4 60.Kc3 Na2+ 61.Kb2 Nb4 62.Ka3 Nc2+ 63.Ka4 e5
64.fxe5 Kxe5 65.b4 Nxb4 66.Kxb4 Kd4 67.Nf3+ Ke3 68.Nh4 Kf2 69.Nxf5 Kf3 70.Kc4 Kg4  1/2-1/2

[Event "49th Italian Teams 2017"]
[Site "Gallipoli ITA"]
[Date "2017.04.27"]
[Round "1.1"]
[White "Pescatore,L"]
[Black "Leko,P"]
[Result "1/2-1/2"]
[WhiteElo "2353"]
[BlackElo "2699"]

1.e4 c6 2.c4 d5 3.cxd5 cxd5 4.exd5 Nf6 5.Nc3 Nxd5 6.Nf3 Nxc3 7.bxc3 g6 8.d4 Bg7
9.Bd3 Nc6 10.O-O O-O 11.Re1 Bg4 12.Be4 Rc8 13.h3 Bxf3 14.Bxf3 e6 15.Ba3 Re8
16.Qa4 Qd7 17.Rad1 Red8 18.d5 Ne5 19.Qxd7 Nxf3+ 20.gxf3 Rxd7 21.dxe6 Rxd1
22.exf7+ Kxf7 23.Rxd1 Rc7 24.c4 Be5 25.Re1 Kf6 26.Re4 Rc6 27.Bb4 Bd6 28.Bxd6 Rxd6
29.c5 Rc6 30.Ra4 a6 31.Rb4 Rc7 32.Rb6+ Ke5 33.Kf1 Kd4 34.c6 bxc6 35.Rxa6 Kd3
36.a4 c5 37.a5 c4 38.Rd6+ Kc2 39.a6 c3 40.Rb6 Ra7 41.Ke2 g5 42.Re6 Kb2 43.Rb6+ Kc1
44.Kd3 c2 45.Ke2 Ra8 46.Ke1 Re8+ 47.Kf1 Rc8 48.Ke2 Re8+ 49.Kf1 Rd8 50.Ke2 Ra8
51.Ke1 h6 52.Ke2 Ra7 53.Ke1 Re7+ 54.Kf1 h5 55.Rb7 Kd2 56.Rxe7 c1=Q+ 57.Kg2 Qc6
58.a7 Qa8 59.Rg7 h4 60.Rxg5 Qxa7 61.Rg4 Qh7 62.Rd4+ Ke2 63.Re4+ Kd3 64.Re3+ Kd2
65.Re4 Qg7+ 66.Rg4 Qf6 67.Re4 Kd3 68.Re3+ Kd4 69.Re4+ Kd5 70.Rg4 Ke5 71.Re4+ Kf5
72.Rg4  1/2-1/2

[Event "49th Italian Teams 2017"]
[Site "Gallipoli ITA"]
[Date "2017.04.29"]
[Round "3.1"]
[White "Leko,P"]
[Black "Tari,A"]
[Result "1/2-1/2"]
[WhiteElo "2699"]
[BlackElo "2597"]

1.e4 e5 2.Nf3 Nc6 3.Bb5 a6 4.Ba4 Nf6 5.O-O Be7 6.Re1 b5 7.Bb3 d6 8.c3 O-O
9.h3 Na5 10.Bc2 c5 11.d4 Nd7 12.d5 Nb6 13.Nbd2 g6 14.b4 Nb7 15.Nf1 f5 16.exf5 gxf5
17.N3h2 Bg5 18.a4 Bxc1 19.Rxc1 cxb4 20.cxb4 bxa4 21.Bxa4 Nxa4 22.Qxa4 a5
23.Nf3 Bd7 24.Qa3 Qb6 25.Rb1 Rfb8 26.Ne3 axb4 27.Rxb4 Qd8 28.Qc1 Qf8 29.Nc4 Nc5
30.Qg5+ Kh8 31.Rxb8 Rxb8  1/2-1/2

[Event "49th Italian Teams 2017"]
[Site "Gallipoli ITA"]
[Date "2017.04.30"]
[Round "6.1"]
[White "Vazquez Igarza,R"]
[Black "Leko,P"]
[Result "1/2-1/2"]
[WhiteElo "2577"]
[BlackElo "2699"]

1.d4 Nf6 2.Nf3 e6 3.Bf4 c5 4.e3 cxd4 5.exd4 b6 6.c4 Be7 7.Nc3 O-O 8.Be2 Bb7
9.O-O d5 10.Rc1 dxc4 11.Bxc4 Nc6 12.a3 Bd6 13.Bg5 h6 14.Bxf6 Qxf6 15.Ne4 Qf4
16.Nxd6 Qxd6 17.d5 exd5 18.Bxd5 Rad8 19.Bxc6 Bxc6 20.Qxd6 Rxd6 21.Rfd1 Rfd8
22.Rxd6 Rxd6 23.Ne5 Be8 24.h4 h5 25.Rc7 f6 26.Nc4 Rc6 27.Rxc6 Bxc6 28.f4 Kf7
29.Kf2 Ke6  1/2-1/2

[Event "49th Italian Teams 2017"]
[Site "Gallipoli ITA"]
[Date "2017.05.01"]
[Round "7.1"]
[White "Leko,P"]
[Black "Stella,A"]
[Result "1/2-1/2"]
[WhiteElo "2699"]
[BlackElo "2500"]

1.e4 c5 2.Nf3 e6 3.d4 cxd4 4.Nxd4 Nf6 5.Nc3 d6 6.g4 h6 7.Be3 Nc6 8.h3 a6
9.f4 Qc7 10.Bg2 Na5 11.Qe2 Nc4 12.O-O-O Bd7 13.Kb1 Rc8 14.Bc1 e5 15.Nd5 Nxd5
16.exd5 Be7 17.Nf3 exf4 18.Rd3 O-O 19.Bxf4 Bf6 20.Bc1 Bb5 21.Qd1 Rfe8 22.Nd4 Na3+
23.Rxa3 Bxd4 24.Bf3 Qc5 25.h4 Bc4 26.g5 h5 27.Bxh5 Bxd5 28.Bf3 Be6 29.Be2 b5
30.Rf1 b4 31.Raf3 Bg4 32.Bd3 Be3 33.Bf5 Qxf5 34.Rxf5 Bxd1 35.Rxd1 Bxc1 36.Kxc1 Re2
37.Rd2 Re1+ 38.Rd1 Re2  1/2-1/2

[Event "chess.com IoM Masters"]
[Site "Douglas ENG"]
[Date "2017.09.24"]
[Round "2.11"]
[White "Leko,P"]
[Black "Christiansen,Johan-Sebastian"]
[Result "1/2-1/2"]
[WhiteElo "2679"]
[BlackElo "2457"]

1.e4 e5 2.Nf3 Nc6 3.Bc4 Nf6 4.d3 Bc5 5.O-O d6 6.c3 O-O 7.h3 a5 8.Re1 Be6
9.Bb5 h6 10.d4 exd4 11.cxd4 Bb4 12.Bd2 d5 13.e5 Ne4 14.Bxb4 axb4 15.Nbd2 Ra5
16.Bxc6 bxc6 17.Nb3 Ra6 18.Nfd2 Qa8 19.f3 Ng3 20.Kh2 Nh5 21.Qc2 Qd8 22.Nc5 Qh4
23.Ndb3 Rxa2 24.Qd2 Rxa1 25.Rxa1 Bxh3 26.gxh3 Nf4 27.Rf1 Qxh3+ 28.Kg1 Qg3+
29.Kh1 Qh3+ 30.Kg1 Qg3+ 31.Kh1 Qh3+ 32.Kg1 Qg3+  1/2-1/2

[Event "chess.com IoM Masters"]
[Site "Douglas ENG"]
[Date "2017.09.25"]
[Round "3.20"]
[White "Khmelniker,I"]
[Black "Leko,P"]
[Result "1/2-1/2"]
[WhiteElo "2480"]
[BlackElo "2679"]

1.d4 Nf6 2.c4 e6 3.Nf3 b6 4.g3 Ba6 5.b3 Bb4+ 6.Bd2 Be7 7.Nc3 O-O 8.Bg2 c6
9.e4 d5 10.exd5 cxd5 11.Ne5 Bb7 12.O-O Nc6 13.Bf4 Na5 14.Rc1 Rc8 15.Qe2 Bb4
16.Bg5 h6 17.Bxf6 gxf6 18.Ng4 f5 19.Ne5 Bxc3 20.Rxc3 dxc4 21.Bxb7 Nxb7 22.bxc4 Nd6
23.Rd1 Kh7 24.d5 Ne4 25.Re3 Qd6 26.Nc6 Rxc6 27.dxc6 Qxc6 28.f3 Nf6 29.Qb2 Qc5
30.Kf2 Kg6 31.Qa3 Rc8 32.Qxc5 Rxc5 33.Rc3 b5 34.Rdc1 bxc4 35.Rxc4 Ra5 36.a4  1/2-1/2

[Event "chess.com IoM Masters"]
[Site "Douglas ENG"]
[Date "2017.09.27"]
[Round "5.12"]
[White "Tari,A"]
[Black "Leko,P"]
[Result "1/2-1/2"]
[WhiteElo "2588"]
[BlackElo "2679"]

1.d4 Nf6 2.c4 e6 3.Nf3 d5 4.Nc3 Bb4 5.Qa4+ Nc6 6.e3 O-O 7.Bd2 dxc4 8.Bxc4 Bd6
9.Qc2 a6 10.a3 e5 11.dxe5 Nxe5 12.Nxe5 Bxe5 13.f4 Bxc3 14.Bxc3 Ng4 15.Bd4 c5
16.Bxc5 Re8 17.O-O Nxe3 18.Bxe3 Rxe3 19.Qf2 Re8 20.Rad1 Qf6 21.Qd4 Qxd4+
22.Rxd4 Be6 23.Bxe6 Rxe6 24.Rfd1 Kf8 25.Kf2 Rae8 26.R1d2 g6 27.g3 R8e7 28.Rd8+ Kg7
29.R8d6 Kf6 30.Kf3 Rc7  1/2-1/2

[Event "chess.com IoM Masters"]
[Site "Douglas ENG"]
[Date "2017.09.28"]
[Round "6.9"]
[White "Leko,P"]
[Black "Aravindh,Chithambaram VR."]
[Result "1/2-1/2"]
[WhiteElo "2679"]
[BlackElo "2573"]

1.e4 c5 2.Nf3 d6 3.d4 cxd4 4.Nxd4 Nf6 5.Nc3 a6 6.f3 e5 7.Nb3 Be6 8.Be3 h5
9.Nd5 Bxd5 10.exd5 Nbd7 11.Qd2 g6 12.O-O-O Nb6 13.Kb1 Nfxd5 14.Bg5 Be7 15.Bxe7 Qxe7
16.c4 Nf6 17.Qxd6 Qxd6 18.Rxd6 Nbd7 19.Rd1 Ke7 20.Bd3 Rhc8 21.Rhe1 Kf8 22.Nd2 Rc7
23.Ne4 Nxe4 24.Bxe4 Re8 25.b3 Nf6 26.Kb2 Re6 27.Bc2 Ke7 28.Re2 a5 29.Rde1 Kd6
30.a3 b6 31.Bb1 h4 32.Ba2 Nd7 33.b4 Ke7 34.Bb3 Rd6 35.Kc3 Rf6 36.Re3 Rd6
37.f4 f6 38.Rh3 b5 39.c5 Nxc5 40.bxc5 Rxc5+ 41.Kb2 Rd2+ 42.Kb1 a4 43.Bd1 Rxg2
44.fxe5 b4 45.exf6+ Kxf6 46.Re2 Rxe2 47.Bxe2 bxa3 48.Rxa3 Rg5 49.Bd1 Rg2
50.h3 Rg3 51.Kb2 Rg2+ 52.Kc3 Rg1 53.Kc2 Rg2+ 54.Kc3 Rg1 55.Bg4 Rg3+ 56.Kb2 Rxg4
57.hxg4 Kg5 58.Kc2 Kxg4 59.Rxa4+ Kg3 60.Ra5 h3 61.Rg5+ Kf2 62.Rxg6 h2 63.Rh6 Kg2
64.Kd3 h1=Q 65.Rxh1 Kxh1  1/2-1/2

[Event "TCh-ESP Div Honor 2018"]
[Site "Linares ESP"]
[Date "2018.08.10"]
[Round "5.4"]
[White "Kuzubov,Y"]
[Black "Leko,P"]
[Result "1/2-1/2"]
[WhiteElo "2647"]
[BlackElo "2691"]

1.e4 e5 2.Nf3 Nc6 3.Bb5 Nf6 4.O-O Nxe4 5.Re1 Nd6 6.Nxe5 Be7 7.Bf1 Nf5 8.c3 Nxe5
9.Rxe5 d6 10.Re1 O-O 11.d4 d5 12.Nd2 c6 13.Nf3 Nd6 14.Ne5 Bf5 15.a4 a5 16.Qb3 Re8
17.Bf4 Bg5 18.Bxg5 Qxg5 19.Re3 Qd8 20.Rae1 Qc7 21.h3 Re7 22.Nf3 Be4 23.Nd2 Rae8
24.Nxe4 dxe4 25.g4 h5 26.c4 c5 27.dxc5 Qxc5 28.Rd1 Re5 29.Qa3 Nxc4 30.Qxc5 Rxc5
31.Rc1 Nxe3 32.Rxc5 Nxf1 33.Kxf1 hxg4 34.hxg4 b6 35.Rb5 Re6 36.Ke2 Kh7 37.b4 axb4
38.Rxb4 Kh6 39.Rb5 g6 40.Ke3 f6 41.f3 exf3+ 42.Kxf3 Rc6 43.a5 bxa5 44.Rxa5 Rc3+  1/2-1/2

[Event "34th ECC Open 2018"]
[Site "Porto Carras GRE"]
[Date "2018.10.16"]
[Round "5.1"]
[White "Yu Yangyi"]
[Black "Leko,P"]
[Result "1/2-1/2"]
[WhiteElo "2765"]
[BlackElo "2690"]

1.d4 Nf6 2.c4 e6 3.Nc3 Bb4 4.e3 O-O 5.Bd3 d5 6.cxd5 exd5 7.Ne2 Re8 8.O-O Bd6
9.Bd2 Nbd7 10.Rc1 a6 11.Ng3 Nf8 12.Nce2 Ne4 13.Be1 c6 14.a4 Nxg3 15.Nxg3 a5
16.Qb3 g6 17.Bc3 h5 18.Rce1 h4 19.Nh1 Nh7 20.f4 Nf6 21.Nf2 b6 22.Qc2 Qc7
23.Bd2 Nh5 24.e4 dxe4 25.Nxe4 Bf5 26.Nxd6 Rxe1 27.Bxe1 Bxd3 28.Qxd3 Qxd6
29.Bxh4 Re8 30.Qf3 Ng7 31.Bf2 Nf5 32.d5 c5 33.h4 Qf6 34.Qd3 Nxh4 35.Bxh4 Qxh4
36.d6 Rd8 37.d7 Qf6 38.f5 Qd4+ 39.Qxd4 cxd4 40.fxg6 fxg6 41.Rf6 Rxd7 42.Rxg6+ Kf7
43.Rh6 Kg7 44.Rc6 d3 45.Rc1 Rd4 46.Rd1 Rxa4 47.Rxd3 b5 48.Kf2 Rb4 49.b3 a4
50.bxa4 bxa4  1/2-1/2

[Event "Abu Dhabi Rapid Match"]
[Site "Abu Dhabi UAE"]
[Date "2019.08.07"]
[Round "4"]
[White "Leko,P"]
[Black "Morozevich,A"]
[Result "1/2-1/2"]
[WhiteElo "2674"]
[BlackElo "2659"]

1.e4 e5 2.Nf3 Nc6 3.Bc4 Nf6 4.d3 h6 5.O-O d6 6.c3 g5 7.Bb3 Bg7 8.Nbd2 Nh5
9.Nc4 Nf4 10.Ne3 Qf6 11.Kh1 Ne7 12.d4 O-O 13.Bc2 c6 14.g3 Nh3 15.dxe5 dxe5
16.Qe2 a5 17.Ng1 a4 18.Qh5 Qg6 19.Qxg6 fxg6 20.Kg2 Nxg1 21.Rxg1 Be6 22.h3 Nc8
23.Rd1 Nb6 24.Bd2 Rfd8 25.Be1 Rxd1 26.Bxd1 Kf8 27.Be2 Ke7 28.c4 h5 29.Rd1 Nd7
30.Nf1 Nf6 31.Bb4+ Ke8 32.Nd2 Rd8 33.Bc3 g4 34.hxg4 Nxg4 35.b3 axb3 36.axb3 Bf8
37.Nf3 Rxd1 38.Bxd1 Bc5 39.Nxe5 Nxf2 40.Bf3 Bh3+ 41.Kh2 Bg4 42.Kg2 g5 43.Nxg4 hxg4
44.Be2 Nxe4  1/2-1/2

[Event "Abu Dhabi Rapid Match"]
[Site "Abu Dhabi UAE"]
[Date "2019.08.07"]
[Round "6"]
[White "Leko,P"]
[Black "Morozevich,A"]
[Result "1/2-1/2"]
[WhiteElo "2674"]
[BlackElo "2659"]

1.e4 e5 2.Nf3 Nc6 3.Bc4 Nf6 4.d3 h6 5.O-O d6 6.c3 g5 7.Bb3 Bg7 8.Nbd2 Nh5
9.Nc4 Nf4 10.Ne3 Qf6 11.Kh1 Ne7 12.d4 h5 13.Ba4+ c6 14.dxe5 dxe5 15.Nc4 O-O
16.Bxf4 Qxf4 17.Bc2 g4 18.Nfd2 Be6 19.Ne3 Rad8 20.Qe2 Bh6 21.Rad1 h4 22.g3 Qg5
23.Bb3 Bc8 24.Rfe1 hxg3 25.fxg3 b5 26.Ndf1 Qg6 27.Bc2 a5 28.Ng2 a4 29.Nfe3 Bxe3
30.Qxe3 Be6 31.Nh4 Qh5 32.b3 Rxd1 33.Rxd1 Ra8 34.bxa4 bxa4 35.a3 Kg7 36.Nf5+ Nxf5
37.exf5 Bd5+ 38.Kg1 f6 39.Be4 Rf8 40.c4 Bxc4 41.Qa7+ Rf7 42.Qxa4 Bd5 43.Qc2 Rd7
44.a4 Kh6 45.Bxd5 cxd5 46.Qc6 Qf7 47.a5 d4 48.a6 Kg7 49.Qe4 Qb3 50.Rb1 Qa3
51.Qxg4+ Kf7 52.Qg6+ Ke7 53.Qg7+ Kd6 54.Qf8+ Re7 55.Qxf6+ Kd5 56.Rb7 Qe3+
57.Kg2 Qe2+ 58.Kg1 Qe1+ 59.Kg2 Qe2+ 60.Kg1 Qe1+  1/2-1/2

[Event "35th ECC Open 2019"]
[Site "Budva MNE"]
[Date "2019.11.11"]
[Round "2.13"]
[White "Leko,P"]
[Black "Gretarsson,He"]
[Result "1/2-1/2"]
[WhiteElo "2666"]
[BlackElo "2415"]

1.e4 e5 2.Nf3 Nc6 3.Bb5 Nge7 4.Nc3 g6 5.d4 exd4 6.Nd5 Bg7 7.Bg5 h6 8.Bf6 Kf8
9.Bxg7+ Kxg7 10.O-O d6 11.Bxc6 Nxc6 12.Nxd4 Be6 13.Nxc6 bxc6 14.Qd4+ f6 15.Ne3 Qb8
16.b3 Qb6 17.Qc3 Rhe8 18.Rad1 a5 19.Rd4 a4 20.f3 axb3 21.axb3 Ra2 22.g4 c5
23.Rd3 Qa5 24.Qxa5 Rxa5 25.Kf2 Rb8 26.h4 Ra2 27.Kg3 Rb4 28.Rdd1 Rb8 29.Ra1 Rba8
30.Rxa2 Rxa2 31.f4 Bf7 32.g5 hxg5 33.fxg5 fxg5 34.hxg5 c4 35.bxc4 Ra5 36.Kf4 Rc5
37.Rb1 Bxc4 38.Rb8 Be6 39.Rb4 Rc3 40.Rb5 Kf7 41.Rb8 Rc5 42.Rh8 Kg7 43.Re8 Kf7
44.Rd8 Kg7 45.Ra8 Kf7 46.Ra3 Ke7 47.c4 Bxc4 48.Rc3 Be6 49.Rxc5 dxc5 50.Ke5 c4
51.Nd1 c5 52.Nc3 Bf7 53.Na4 Be8 54.Nb6 Bf7 55.Na4 Be8 56.Nb6 Bf7 57.Na4  1/2-1/2

[Event "35th ECC Open 2019"]
[Site "Budva MNE"]
[Date "2019.11.12"]
[Round "3.3"]
[White "Banusz,T"]
[Black "Leko,P"]
[Result "1/2-1/2"]
[WhiteElo "2620"]
[BlackElo "2666"]

1.Nf3 Nf6 2.c4 e6 3.g3 d5 4.Bg2 Be7 5.d4 O-O 6.O-O dxc4 7.Ne5 Nc6 8.Bxc6 bxc6
9.Nxc6 Qe8 10.Nxe7+ Qxe7 11.b3 Rd8 12.bxc4 Qd6 13.Nc3 Bb7 14.Rb1 Qc6 15.f3 Qxc4
16.Rxb7 Qxc3 17.Bb2 Qc4 18.Qd2 c5 19.Rc7 e5 20.Rc1 Qxa2 21.R7xc5 Rab8 22.Bc3 Qxd2
23.Bxd2 exd4 24.Ba5 Re8 25.Kf2 h5 26.Rd1 Rb2 27.Rd2 Rxd2 28.Bxd2 Rd8 29.Bg5 Rd5
30.Rc8+ Kh7 31.Bxf6 gxf6 32.Rc7 Kg6 33.Rxa7 d3 34.exd3  1/2-1/2